000 00575cam a22002411 4500
001 sa 67005954
003 DLC
005 20260227112402.0
008 890725s1966 ii 000 1 beno
010 _asa 67005954
035 _a(OCoLC)20068098
040 _aDLC
_cWaU
_dDLC
042 _apremarc
050 0 0 _aPK1716
_b.M46
100 1 _aMitra, Premendra.
245 1 0 _aŚaṅkāśihara.
260 _c[1966]
300 _a416 p.
_c22 cm.
500 _aIn Bengali.
500 _aShort stories.
650 0 _aShort stories, Bengali.
700 1 _aSena, Jayantī.
999 _c75571
_d75571